| 000 | 00701cab a2200181 4500 | ||
|---|---|---|---|
| 001 | WB2529-26 | ||
| 008 | 090401t1989 xxu||||| |||| 00| 0 eng d | ||
| 035 | _a(Sirsi) u81090 | ||
| 041 | _aeng | ||
| 245 | _aDrop in rental rates in Hong Kong | ||
| 260 | _c1989 | ||
| 350 | _a0 | ||
| 490 |
_aEstates Times _vno 1004 21/7/89 p9 |
||
| 520 | _aPolitical and Economic Risk Consultancy has published a report, which, while not predicting a complete collapse in commercial rental rates in Hong Kong , does forecast a drop of about 15-20% in rents during June to September with more property to be leased than sold at a loss. | ||
| 690 | _aPROPERTY LAW AND PRACTICE | ||
| 942 | _n0 | ||
| 948 | _c04/03/1997 | ||
| 999 |
_c51093 _d51093 |
||